| 000 | 01343nam a2200229Ia 4500 | ||
|---|---|---|---|
| 003 | Ost | ||
| 005 | 20260507074903.0 | ||
| 008 | 260507s9999||||xx |||||||||||||| ||und|| | ||
| 040 | _cfsecg | ||
| 041 | _aara | ||
| 082 | _a657 | ||
| 100 |
_aجمعة، أحمد حلمي _eمؤلف |
||
| 245 | 0 |
_aدراسات وبحوث في المحاسبة المالية : _bأساسيات المحاسبة في الشركات المساهمة / _c أحمد حلمي جمعة |
|
| 260 |
_aعمان: _bدار صفاء للنشر والتوزيع, _c1998 |
||
| 300 |
_a295 صفحة؛ _bإيضاحات ؛ _c24 سم |
||
| 504 | _aببليوغرافيا: ص.239 | ||
| 520 | _aطبيعة الشركات المساهمة، المعالجة المحاسبية لرأس المال في الشركات المساهمة، المعالجة المحاسبية لإسناد القروض في الشركات المساهمة، التقارير المالية وتوزيع الأرباح في الشركات المساهمة، المعالجة المحاسبية لتحول وإندماج الشركات المساهمة، المعالجة المحاسبية لتصفية الشركات المساهمة | ||
| 653 | _aالشركات المساهمة | ||
| 653 | _aالمحاسبة | ||
| 700 |
_aخنفر، مؤيد راضي _eمؤلف ثانوي |
||
| 942 | _cكتاب | ||
| 999 |
_c41670 _d41670 |
||